| 000 | 00862nam a2200229 i 4500 | ||
|---|---|---|---|
| 001 | 85747 | ||
| 003 | ES-MaACL | ||
| 005 | 20250926063055.0 | ||
| 007 | t| | ||
| 008 | 041201s1964 sp ||||1| spa d | ||
| 100 | 1 |
_aJung, Carl G., _d1875-1961 _967282 |
|
| 245 | 1 | 3 |
_aEl yo y el inconsciente / _cCharles Gustav Jung ; con un estudio preliminar sobre Freud y Jung "La atracción entre los contrarios" por Ramón Sarró ; [traducción, S. Montserrat Esteve]. |
| 250 | _a[4ª ed.]. | ||
| 260 |
_aBarcelona : _bMiracle, _c[1964] ( _fAgustín Núñez) |
||
| 300 |
_a241 p. : _bretr. aut. ; _c22 cm. |
||
| 490 | 1 | _aBiblioteca de antropología | |
| 700 | 0 |
_aMontserrat Esteve, Santiago. _982744 |
|
| 700 | 1 |
_aSarró, Ramón. _9103872 |
|
| 830 | 0 |
_aBiblioteca de antropología _9180743 |
|
| 852 |
_aES-MaACL _jC-34946 _bR.67703 |
||
| 999 |
_c85747 _d85747 |
||